000 00379 a2200121 4500
000 nam a22 7a 4500
005 20260317130230.0
020 _a9788131614181
100 _aSatyendra Tripathi
_91132317
245 _aUntouchables and Human Rights Dr Bindeshwar Pathak (Padma Vibhushan Awardee): The Man and His Vision
260 _bRawat Publications
_c2025
942 _cTEXL
999 _c1715618
_d1715618